School leadership : beyond education management : an essay in policy scholarship
Αποθηκεύτηκε σε:
| Κύριος συγγραφέας: | |
|---|---|
| Μορφή: | Βιβλίο |
| Γλώσσα: | English |
| Δημοσίευση: |
London :
The Falmer Press,
1995
|
| Θέματα: | |
| Ετικέτες: |
Προσθήκη ετικέτας
Δεν υπάρχουν, Καταχωρήστε ετικέτα πρώτοι!
|
MARC
| LEADER | 00000nam a2200000 i 4500 | ||
|---|---|---|---|
| 001 | 1/93532 | ||
| 008 | 991122s1995 eng d | ||
| 020 | |a 0-7507-0415-2 | ||
| 035 | |l 10054442 | ||
| 040 | |a GR-MY-UA |b gre |e aacr | ||
| 041 | 0 | |a eng | |
| 082 | 0 | |a 371.2 | |
| 100 | 1 | |a Grace, Gerald Rupert. | |
| 245 | 1 | 0 | |a School leadership : |b beyond education management : an essay in policy scholarship / |c Gerald Grace |
| 260 | |a London : |b The Falmer Press, |c 1995 | ||
| 300 | |a 230 p. | ||
| 650 | 0 | 0 | |a Educational leadership. |
| 650 | 0 | 0 | |a School management and organization. |
| 650 | 0 | 0 | |a Education and state. |
| 852 | |a INST |b RHODES |e 19991122 |h 371.2 GRA |p 005400012004 |q 005400012004 |t BK |y 0 | ||
| 901 | |a BIBL4-1999-3 | ||
| 909 | |a Ρ |b 068249 | ||
| 922 | |a 4ΕΛΗ |b 199908 |c ΚΠΣ/154 |d GLORY BOOKS | ||
| 970 | |a ΚΟΥΛΑΚΙΟΤΗ |b ΛΙΤΣΑ |z 1999/11/22 | ||